Detalles MARC
| 000 -LEADER |
| fixed length control field |
01966nam a2200445Ii 4500 |
| 001 - CONTROL NUMBER |
| control field |
DIGIBE0859 |
| 003 - CONTROL NUMBER IDENTIFIER |
| control field |
NyNyDIG |
| 006 - FIXED-LENGTH DATA ELEMENTS--ADDITIONAL MATERIAL CHARACTERISTICS |
| fixed length control field |
m o d |
| 007 - PHYSICAL DESCRIPTION FIXED FIELD--GENERAL INFORMATION |
| fixed length control field |
cr ||||||||||| |
| 008 - FIXED-LENGTH DATA ELEMENTS--GENERAL INFORMATION |
| fixed length control field |
220217s2008 sp a ob 000 0 spa d |
| 035 ## - SYSTEM CONTROL NUMBER |
| System control number |
(OCoLC)1237404661 |
| 040 ## - CATALOGING SOURCE |
| Original cataloging agency |
DGITA |
| Language of cataloging |
eng |
| Description conventions |
rda |
| -- |
pn |
| Transcribing agency |
DGITA |
| 020 ## - INTERNATIONAL STANDARD BOOK NUMBER |
| International Standard Book Number |
9783964560254 |
| Qualifying information |
eBook |
| -- |
pdf |
| 020 ## - INTERNATIONAL STANDARD BOOK NUMBER |
| Canceled/invalid ISBN |
9788484893479 |
| Qualifying information |
Iberoamericana |
| 020 ## - INTERNATIONAL STANDARD BOOK NUMBER |
| Canceled/invalid ISBN |
9783865273987 |
| Qualifying information |
Vervuert |
| 050 14 - LIBRARY OF CONGRESS CALL NUMBER |
| Classification number |
PQ7296.S5 ebook |
| 100 1# - MAIN ENTRY--PERSONAL NAME |
| Personal name |
Sigüenza y Góngora, Carlos de, |
| Dates associated with a name |
1645-1700, |
| Relator term |
author. |
| 245 10 - TITLE STATEMENT |
| Title |
Oriental planeta evangélico / |
| Statement of responsibility, etc. |
Carlos de Sigüenza y Góngora ; Antonio Lorente Medina (ed.) |
| 264 #1 - PRODUCTION, PUBLICATION, DISTRIBUTION, MANUFACTURE, AND COPYRIGHT NOTICE |
| Place of production, publication, distribution, manufacture |
[Pamplona, Spain] : |
| Name of producer, publisher, distributor, manufacturer |
Universidad de Navarra ; |
| Place of production, publication, distribution, manufacture |
Madrid : |
| Name of producer, publisher, distributor, manufacturer |
Iberoamericana ; |
| Place of production, publication, distribution, manufacture |
Frankfurt am Main : |
| Name of producer, publisher, distributor, manufacturer |
Vervuert, |
| Date of production, publication, distribution, manufacture, or copyright notice |
[2008] |
| 300 ## - PHYSICAL DESCRIPTION |
| Extent |
1 online resource : |
| Other physical details |
illustrations. |
| 336 ## - CONTENT TYPE |
| Content type term |
text |
| Content type code |
txt |
| Source |
rdacontent |
| 337 ## - MEDIA TYPE |
| Media type term |
computer |
| Media type code |
c |
| Source |
rdamedia |
| 338 ## - CARRIER TYPE |
| Carrier type term |
online resource |
| Carrier type code |
cr |
| Source |
rdacarrier |
| 347 ## - DIGITAL FILE CHARACTERISTICS |
| File type |
text file |
| Source |
rdaft |
| 347 ## - DIGITAL FILE CHARACTERISTICS |
| Encoding format |
PDF |
| 490 1# - SERIES STATEMENT |
| Series statement |
Biblioteca Indiana ; |
| Volume/sequential designation |
11 |
| 504 ## - BIBLIOGRAPHY, ETC. NOTE |
| Bibliography, etc. note |
Includes bibliographical references. |
| 588 0# - SOURCE OF DESCRIPTION NOTE |
| Source of description note |
Online resource; title from PDF title page (Digitalia, viewed February 17, 2022) |
| 600 10 - SUBJECT ADDED ENTRY--PERSONAL NAME |
| Personal name |
Sigüenza y Góngora, Carlos de, |
| Dates associated with a name |
1645-1700 |
| General subdivision |
Criticism and interpretation. |
| 600 00 - SUBJECT ADDED ENTRY--PERSONAL NAME |
| Personal name |
Francis Xavier, |
| Titles and other words associated with a name |
Saint, |
| Dates associated with a name |
1506-1552 |
| Form subdivision |
Poetry. |
| 655 #0 - INDEX TERM--GENRE/FORM |
| Genre/form data or focus term |
Electronic books. |
| 700 1# - ADDED ENTRY--PERSONAL NAME |
| Personal name |
Lorente Medina, Antonio, |
| Relator term |
editor. |
| 791 2# - |
| -- |
Digitalia (Firm), |
| -- |
distributor. |
| 793 0# - |
| -- |
Digitalia eBook Collection: |
| -- |
Iberoamericana/Vervuert |
| 776 08 - ADDITIONAL PHYSICAL FORM ENTRY |
| Relationship information |
Print version: |
| Main entry heading |
Sigüenza y Góngora, Carlos de, 1645-1700. |
| Title |
Oriental planeta evangélico. |
| Place, publisher, and date of publication |
[Pamplona, Spain] : Universidad de Navarra ; Madrid : Iberoamericana ; Frankfurt am Main : Vervuert, [2008] |
| International Standard Book Number |
9788484893479 |
| 830 #0 - SERIES ADDED ENTRY--UNIFORM TITLE |
| Uniform title |
Biblioteca indiana (Pamplona, Spain) ; |
| Volume/sequential designation |
11. |
| 856 40 - ELECTRONIC LOCATION AND ACCESS |
| Materials specified |
Digitalia Hispánica |
| Uniform Resource Identifier |
<a href="https://www.digitaliapublishing.com/a/101717/">https://www.digitaliapublishing.com/a/101717/</a> |
| 910 ## - USER-OPTION DATA (OCLC) |
| User-option data |
Premium collection: 2022 |
| 942 ## - ADDED ENTRY ELEMENTS (KOHA) |
| Koha item type |
Recurso Electrónico |